Statistics for Most Populous Countries In EU

Click here to take the quiz!

General Stats

  • This quiz has been taken 22 times
  • The average score is 10 of 10

Answer Stats

Population (millions)Country% Correct
65.3France
100%
83.8Germany
100%
60.5Italy
100%
37.8Poland
100%
46.8Spain
100%
10.4Greece
95%
19.2Romania
95%
10.2Portugal
90%
11.6Belguim
86%
17.1Netherlands
86%

Score Distribution

Percentile by Number Answered

Percent of People with Each Score

Your Score History

You have not taken this quiz